| 000 | 00800nam a2200241 a 4500 | ||
|---|---|---|---|
| 999 |
_c328505 _d328505 |
||
| 001 | 1444451 | ||
| 003 | ASAB | ||
| 005 | 20170410125813.0 | ||
| 008 | 850710s1985 paua b 001 0 eng | ||
| 010 | _a 85051484 | ||
| 020 | _a978-81-7473-296-9 | ||
| 040 |
_aDLC _cASAB _dDLC |
||
| 050 | 0 | 0 |
_aTP248.2 _b.O944 1985 |
| 082 | 0 | 0 |
_a660.6 _219 |
| 245 | 1 | 0 |
_aEssentials of biotechnology _cby Chandrani Sanyal Datta |
| 260 |
_aIndia. _bA.I.T.B.S. Publishers, India _cc2006 |
||
| 300 |
_aix, 174 P. : _bill. ; _c23 cm. |
||
| 504 | _aIncludes bibliographies and index. | ||
| 650 | 0 | _aBiotechnology. | |
| 700 | 1 | _aCheremisinoff, Paul N. | |
| 906 |
_a7 _bcbc _corignew _d3 _eocip _f19 _gy-gencatlg |
||
| 942 |
_2ddc _cBK |
||